000 00365pam a2200157a 44500
008 230515b1985 xxu||||| |||| 00| 0 eng d
020 _aNULL
041 _aENGLISH
082 _aN.D.
100 _aIEEE
245 _a8 Th International Confenon Software
250 _a0
260 _aNULL
_bIEEE Computer Society Press
_c1985
300 _a399
650 _aNULL
999 _c574403
_d574403